MDQL
is popping MORE tags! Check the
thread
!
Quizzes
Events
Quiz Creation
Community
Videos
Private Events
Remove Ads
Sign In
Join for FREE
Feedback
Dark Mode
Quiz Categories
Sports
Geography
Music
Movies
Television
Just For Fun
Miscellaneous
History
Literature
Language
Science
Gaming
Entertainment
Religion
Holiday
For Kids
Quiz Lab
Recent
Popular Today
Quiz Kudos Today
Editor Picks
Curator Picks
Quizzes by...
Day
Popularity
Type
Ratings
Length
Year
Community
Subscriptions
Recent Discussions
Orange Saloon
Badges
Playlists
Quests
Create
Leaderboards
Showdown
Live 5
Trivia Bingo
Activity
Puzzle Library
Sporcle Events
Private Events
Virtual Trivia
Globe League
Become a Host
Pub Owners
SporcleCon
Opinionation
Our Games
Videos
Blog
Mobile Apps
Partnerships
Remove Ads and Go Orange
Feedback
Music
Pop Music
The Beatles
Song
Album
Lyrics
Bands
Singers
Artist
Clip
Rock
Rap
Classical
Billboard
Country Music
Kpop
Taylor Swift
Music
Pop Music
The Beatles
Song
Album
Lyrics
Bands
Singers
Artist
Clip
Rock
Rap
Classical
Billboard
Country Music
Kpop
Taylor Swift
Random Quiz
Search Sporcle
×
Quiz Lab
Quiz Lab
Music
Pop Music
Type answers based on single images at one time
Type answers based on single images at one time
Slideshow
Best Score? Go Orange.
Name that K-Pop idol. Stats
Can you name the K-Pop idols by picture?
By
Jaffacakeman
14m
75 Questions
1,929 Plays
1,929 Plays
1,929 Plays
Comments
Comments
Give Quiz Kudos
Give Quiz Kudos
-
- Ratings
hide this ad
Replay
Link that replays current quiz
Next Quiz
Link to next quiz in quiz playlist
You Got
0%
They Got
Avg Score
44%
Avg Friend Score
Upgrade to see
Score Distribution
Jump to the score distribution portion of the page
Score
0/75
Timer
14:00
1
Play Today
% Correct
Chen
91.6%
Jin
90.9%
BamBam
90%
Seungri
89.1%
Woozi
83.1%
Key
82.5%
Hani
82.4%
Dara
81.2%
Yeri
77.3%
Luna
75.3%
Ken
74.6%
Solar
71.9%
Jessi
68.7%
Leeteuk
68.5%
Zelo
67.9%
Sunggyu
66.5%
Sooyoung
65.6%
Bora
64.4%
Niel
64%
Sana
64%
Ten
63%
I.M
62.8%
Yoseob
61.6%
Bomi
58.2%
Gayoon
57.1%
Chanwoo
56.4%
Jun.K
54.3%
Jo Kwon
52.8%
Jaehyo
52.4%
CNU
52.4%
Jinwoo
52.1%
Baekho
52%
Yuju
50.4%
Changsub
50.2%
Uee
49%
Mir
47.5%
Yura
46.3%
Mina
45.9%
% Correct
Young K
44.9%
Yoochun
44.4%
Junsu
43.3%
Kwangmin
39.7%
Narsha
38.5%
Qri
36.2%
Chanhyuk
36%
Yezi
33.7%
Alex
31.7%
YooA
28.3%
Ashley
27.5%
Sumin
27.1%
Shin
25.9%
Alice
25.9%
Sunhwa
25.1%
Jae-jin
24.3%
Yenn
23.5%
James
23.4%
Way
22.7%
Boa
22.5%
Hyuna
21.2%
Serri
19.6%
Jisook
19.2%
Cory
18%
Jihun
15.8%
Hyungjun
15%
Zica
14.9%
Lee Hae-ri
14.8%
Seungyoun
14.4%
Alex
11.3%
Dokyun
11.2%
Jian
10.2%
Onejunn
9.5%
SIMS
9.3%
Jane
8%
Jinsol
7.4%
Chang Sun
5.1%
Quiz Playlist
Details
Report
Send in Message
Add To Playlist
Slideshow:
Type answers based on single images at one time
Last Updated: Mar 9, 2017
Quiz Scoreboard
CHALLENGE
Sign Up to Join the Scoreboard
Show All
Scores
Hide
Comments
May contain spoilers
Recently Published
1-10 Letter E Words III
by El_Dandy
Language
2m
Street Fighter Characters
by Artimus82
Gaming
60s
College Basketball Coaching Resumes
by pancakes188
Sports
9m
More to Explore
Quiz From the Vault
Featured Blog Post
Where Did the Easter Bunny Come From?
hide this ad
You Might Also Like...
Tags
Kpop Quiz
Pop Music Quiz
Image Quiz
Kpop Quiz
Pop Culture
Pop Idol
Slideshow
South Korea
Today's Top Quizzes in Music
Browse Music
hide this ad
Today's Top Quizzes in Pop Music
Browse Pop Music
Top Contributed Quizzes in Music
1
Taylor Swift All Songs (2024)
2
Taylor Swift Logic Puzzle
3
Guess the Artist- 70s Songs
4
7-to-1: Billboard Hot 100 #1 Hits of 2010s
5
Sorting Albums and Songs
6
KPOP LOGIC QUIZ
7
Billboard Blitz: Aretha Franklin
8
Guess the Taylor Swift song (Mystery Song)
9
Guess The Taylor Swift Lyrics Song #1
10
Billboard Blitz: ABBA
Explore More
Trending Topics
Harry Potter
Anime
Kpop
Crossword
Marvel
NBA
Disney
Pokémon
The Office
NFL
Soccer
Puzzle
Country
WWE
Song
hide this ad
More By:
Jaffacakeman
Quiz
Plays
Rating
Category
Featured
Created
BTS members
126,521
2.92
Music
Aug 26, 2016
EXO or BTS
75,052
4.39
Music
Apr 21, 2017
BTS or EXO
44,865
4.20
Music
Apr 17, 2017
BTS Dash
36,845
4.30
Music
Jun 8, 2016
K-Pop Blast 1
35,908
3.69
Music
May 24, 2016
Go to Creator's Profile
Score Distribution
Quiz Creator Spotlight
Jaffacakeman
Follow
Send a Message
Quizzes Created
-
Created Quiz Play Count
-
More By This Creator
Popular Quizzes Today
1
Find the US States - No Outlines Minefield
2
Find the Countries of Europe - No Outlines Minefield
3
The Countries of the World
4
Find the US States
5
Risky Map Clicking: Biggest States A-Z
6
US States
7
Popular People in 1961
8
Movies - When Are They Set?
More Music Quizzes
TinyGrid: Queen Singles
Curator's Pick
Trending Quizzes
Risky Map Clicking: Least Populous States A-Z
1-10 Letter G Words
1-10 Letter F Words
Countries of the World: 200 Million BC
Risky Map Clicking: Next State Alphabetically
Recently Updated
Beyoncé Albums
pecheneg
Leaping Animals
pecheneg
Reality TV Shows (A-Z)
bhenderson79
Rickey Henderson's Hall of Fame Teammates
pecheneg
Champions League XIs: Arsenal
pecheneg
Quick Pick: Celebrities in WWE's Hall of Fame
aduchscher
A-Z Keypad Blitz II
pecheneg
Multiple Oscar Actors
pecheneg
Mystery Phrase Blitz: Oscar 'Best Actors'
pecheneg
F. Scott Fitzgerald Novels
LTH
Trending Topics
Crossword
Harry Potter
Marvel
NBA
Disney
Anime
Kpop
WWE
Song
Pokémon
Soccer
Puzzle
The Office
NFL
Country
Your Account Isn't Verified!
In order to create a playlist on Sporcle, you need to verify the email address you used during registration. Go to your
Sporcle Settings
to finish the process.
Report this User
Report this user for behavior that violates our
Community Guidelines
.
Details:
Send Report
Go to the Sporcle.com Mobile Site →
Comments